Introduction to the Devout Life (Record no. 22851)

MARC details
000 -LEADER
fixed length control field 00415nam a2200133Ia 4500
008 - FIXED-LENGTH DATA ELEMENTS--GENERAL INFORMATION
fixed length control field 211109s9999||||xx |||||||||||||| ||und||
082 ## - DEWEY DECIMAL CLASSIFICATION NUMBER
Classification number 248.4
Item number SAL-I
100 ## - MAIN ENTRY--PERSONAL NAME
Personal name De Sales, Francis
245 #0 - TITLE STATEMENT
Title Introduction to the Devout Life
260 ## - PUBLICATION, DISTRIBUTION, ETC.
Name of publisher, distributor, etc. S h LEAGUE, ALWAYE NORTH P.O KERALA
Place of publication, distribution, etc. INDIA
Date of publication, distribution, etc. 1958
630 ## - SUBJECT ADDED ENTRY--UNIFORM TITLE
General subdivision General Stack
650 ## - SUBJECT ADDED ENTRY--TOPICAL TERM
Topical term or geographic name entry element Christian experience, practice & life
942 ## - ADDED ENTRY ELEMENTS (KOHA)
Koha item type BOOK
650 ## - SUBJECT ADDED ENTRY--TOPICAL TERM
Form subdivision Christianity
General subdivision Generalia
Holdings
Withdrawn status Lost status Damaged status Not for loan Home library Current library Date acquired Cost, normal purchase price Total Checkouts Full call number Barcode Shelving location Date last seen Price effective from Koha item type
        SB LIBRARY SB LIBRARY 09/11/2021 10.00   248.4 SAL-I 00023597 GENERAL STACK 09/11/2021 09/11/2021 BOOK

Powered by Koha